000 00680nas a2200229 4500
001 BR5400320
003 BR-BrBNA
005 20231205081948.0
007 ta
008 230509b bl.|||p| |||| 00| 00por d
040 _aBR-BrBNA
_bpor
_cBiblioteca Nacional de Agricultura
041 _a(Pt)
072 _aH20
100 1 _aChaves, R.A. DA C.
245 1 _aSobre a murcha bacteriana do tomateiro na Bahia [Brasil]
650 _aTOMATE
650 _aMURCHA BACTERIANA
650 _aBAHIA
773 0 _tBoletim do Instituto Biologico da Bahia (Brazil)
_xISSN 0020-3641
_g(1955), v. 2(1) p. 31-35
_wBR5400320
909 _a202311
_bLúcia
_c55
_dLúcia Elande
942 _2AGRIS
_n0
_cANA
999 _c88163
_d88163